[Event "EU-chT Railways USIC"]
[Site "Dresden"]
[Date "2000.06.22"]
[Round "4.2"]
[White "Trescher, Manfred"]
[Black "Salus, Stephane"]
[Result "1/2-1/2"]
[WhiteElo "2194"]
[BlackElo "2280"]
[PlyCount "157"]
[EventDate "2000.06.19"]
[EventType "team-swiss"]
[EventRounds "7"]
[EventCountry "GER"]
[SourceTitle "EXT 2002"]
[Source "ChessBase"]
[SourceDate "2001.11.25"]
[SourceVersion "1"]
[SourceVersionDate "2001.11.25"]
[SourceQuality "1"]
[WhiteTeam "Germany (USIC)"]
[BlackTeam "France (USIC)"]
[WhiteTeamCountry "GER"]
[BlackTeamCountry "FRA"]

1. e4 c5 2. Nf3 Nc6 3. d4 cxd4 4. Nxd4 e5 5. Nb3 Nf6 6. Bg5 d6 7. Nc3 Be7 8. Bxf6 Bxf6 9. Nd5 0-0 10. c4 a5 11. a4 Be6 12. Bd3 Rc8 13. 0-0 g6 14. Rc1 Bg7 15. Kh1 b6 16. Qd2 Bd7 17. Rfd1 Re8 18. Bb1 Nb8 19. Qe3 Bxa4 20. Nxb6 Bxb3 21. Qxb3 Rc6 22. Nd5 Nd7 23. Qe3 Qb8 24. b3 Nc5 25. Bc2 Kh8 26. Ra1 Ra6 27. Ra3 Qb7 28. Rda1 Rea8 29. g3 Qd7 30. Kg2 h5 31. b4 axb4 32. Nxb4 Rxa3 33. Rxa3 Rxa3 34. Qxa3 h4 35. h3 hxg3 36. Qxg3 Ne6 37. Nd5 Qd8 38. Qg4 Bh6 39. h4 Ng7 40. Kh3 Nh5 41. Ba4 Qa5 42. Qc8+ Kg7 43. Bd1 Nf4+ 44. Nxf4 Bxf4 45. Kg2 Qd2 46. Qg4 Qd4 47. Qe2 Kf6 48. Qc2 Bd2 49. h5 Kg5 50. hxg6 fxg6 51. Kf3 Be1 52. Qe2 Bxf2 53. Kg2 Be3 54. Qg4+ Kf6 55. Qh4+ Kf7 56. Qh7+ Kf8 57. Qh8+ Ke7 58. Qg7+ Kd8 59. Qf8+ Kc7 60. Qe7+ Kb6 61. Qd8+ Kc5 62. Qa5+ Kxc4 63. Qa4+ Kc5 64. Qa5+ Kc6 65. Ba4+ Kb7 66. Qb5+ Qb6 67. Qxb6+ Kxb6 68. Kf3 Bf4 69. Bb3 Kc5 70. Bd5 Kd4 71. Ba8 g5 72. Bb7 Kd3 73. Bc6 Kd2 74. Bb7 Ke1 75. Bc6 Kf1 76. Bd5 Kg1 77. Bc6 Kh2 78. Kg4 Kg2 79. Bb7 1/2-1/2

[Event "EU-chT Railways USIC"]
[Site "Dresden"]
[Date "2000.06.21"]
[Round "2.2"]
[White "Ajanski, Jordan S"]
[Black "Salus, Stephane"]
[Result "1-0"]
[WhiteElo "2350"]
[BlackElo "2280"]
[PlyCount "63"]
[EventDate "2000.06.19"]
[EventType "team-swiss"]
[EventRounds "7"]
[EventCountry "GER"]
[SourceTitle "EXT 2002"]
[Source "ChessBase"]
[SourceDate "2001.11.25"]
[SourceVersion "1"]
[SourceVersionDate "2001.11.25"]
[SourceQuality "1"]
[WhiteTeam "Bulgaria USIC"]
[BlackTeam "France (USIC)"]
[WhiteTeamCountry "BUL"]
[BlackTeamCountry "FRA"]

1. e4 c5 2. Nf3 Nc6 3. Bb5 e6 4. Bxc6 bxc6 5. d3 d6 6. e5 d5 7. b3 Ne7 8. Qe2 a5 9. a4 Nf5 10. Bb2 Qb6 11. Nbd2 Ba6 12. 0-0 h5 13. Rfe1 Be7 14. h3 h4 15. c4 Rb8 16. Rec1 0-0 17. Ba3 Rfc8 18. Rc2 Qd8 19. Rac1 dxc4 20. bxc4 Nd4 21. Nxd4 cxd4 22. Bxe7 Qxe7 23. Qg4 Qa3 24. Ne4 Rb3 25. Qxh4 Rxd3 26. Ng5 Rc3 27. Qh7+ Kf8 28. Qh8+ Ke7 29. Qxg7 Qxc1+ 30. Rxc1 Rxc1+ 31. Kh2 Bxc4 32. Nxf7 1-0